000 01131aab a2200241 i 4500
001 768714001
003 CO-MdFUSB
005 20240703154212.0
008 240703t1994 sz ||||| |||| 00| 0 eng d
040 _bspa
_cCO-MdFUSB
041 _aeng
100 1 _aDe Santa Ana, Julio
_eautor
245 1 0 _aAbouth faith, economics and something else
_c/ Julio De Santa Ana
520 _aLas finanzas y el impacto económico son el foco principal de las iglesias cristianas en sus esfuerzos por combatir la pobreza. Las comunidades cristianas han experimentado antes este tipo de interés por las cuestiones económicas. En el Nuevo Testamento, fue mencionado directa o indirectamente durante la era de la iglesia que ha estado en curso.
546 _aTexto en inglés.
630 0 7 _aBiblia.
_pNuevo Testamento
650 0 _aCristianismo y economía
_91199
650 0 _aIglesia y problemas sociales
_91177
650 0 _aFinanzas de la Iglesia
_91119
773 0 _tReformed World
_049396
_959543
_gVolumen 44 (número 2, 1994) páginas: 50 - 58
_qpáginas: 50
942 _cANA
945 _aCatherine Arias Álvarez - Practicante SENA
999 _c55350
_d55350